[Event "Verbandsliga Suedbaden 2223"]
[Site "Germany"]
[Date "2023.04.02"]
[Round "8.3"]
[White "Leutwyler, Martin"]
[Black "Hell, Pascal"]
[Result "0-1"]
[WhiteElo "2200"]
[BlackElo "2159"]
[PlyCount "64"]
[EventDate "2022.09.25"]
[EventType "team-tourn"]
[EventRounds "9"]
[EventCountry "GER"]
[SourceTitle "EXT 2024"]
[Source "ChessBase"]
[SourceDate "2023.10.10"]
[SourceVersion "1"]
[SourceVersionDate "2023.10.10"]
[SourceQuality "1"]
[WhiteTeam "Gottmadingen"]
[BlackTeam "Dreilaendereck"]
[WhiteTeamCountry "GER"]
[BlackTeamCountry "GER"]

1. Nf3 c5 2. c4 g6 3. d4 cxd4 4. Nxd4 Bg7 5. e4 d6 6. Nc3 Nf6 7. Be2 Nc6 8. Be3 0-0 9. 0-0 Bd7 10. h3 Rc8 11. Qc2 a6 12. Rad1 Qe8 13. Qb1 Na5 14. b3 b5 15. cxb5 Rxc3 16. Bd2 Rc8 17. Bxa5 axb5 18. Rc1 Rxc1 19. Rxc1 Qa8 20. Be1 Nxe4 21. Nxb5 Ng5 22. Bd2 Bf5 23. Bd3 Bxh3 24. f3 Nxf3+ 25. gxf3 Qxf3 26. Be4 Qg3+ 27. Kh1 Be5 28. Bf4 Bxf4 29. Rc2 d5 30. Bxd5 Bf5 31. Qb2 Qh3+ 32. Rh2 Qf1# 0-1

[Event "Arco op 44th"]
[Site "Arco"]
[Date "2022.10.12"]
[Round "5"]
[White "Hartmann, Wolfgang"]
[Black "Leutwyler, Martin"]
[Result "1-0"]
[WhiteElo "1933"]
[BlackElo "2117"]
[PlyCount "57"]
[EventDate "2022.10.08"]
[EventType "swiss"]
[EventRounds "9"]
[EventCountry "ITA"]
[SourceTitle "CBM 210 Extra"]
[Source "ChessBase"]
[SourceDate "2022.11.30"]
[SourceVersion "1"]
[SourceVersionDate "2022.11.30"]
[SourceQuality "1"]

1. c4 e6 2. g3 Nf6 3. Bg2 d5 4. Nf3 Be7 5. 0-0 0-0 6. d3 Bc5 7. cxd5 exd5 8. b3 Nc6 9. Bb2 d4 10. Nbd2 Re8 11. Rc1 Nd5 12. a3 a5 13. Re1 Bf5 14. Nf1 Bf8 15. e4 dxe3 16. fxe3 Bg4 17. e4 Nf6 18. Ne3 Bh5 19. h3 Bxf3 20. Qxf3 Ne5 21. Bxe5 Rxe5 22. Nc4 Re7 23. a4 Ra6 24. Kh2 Nd7 25. e5 Rae6 26. Qd5 b6 27. h4 Qc8 28. Bh3 Rg6 29. Re3 1-0

[Event "Arco op 44th"]
[Site "Arco"]
[Date "2022.10.08"]
[Round "1"]
[White "Mattenberger, Dominik"]
[Black "Leutwyler, Martin"]
[Result "1/2-1/2"]
[WhiteElo "1711"]
[BlackElo "2117"]
[PlyCount "77"]
[EventDate "2022.10.08"]
[EventType "swiss"]
[EventRounds "9"]
[EventCountry "ITA"]
[SourceTitle "CBM 210 Extra"]
[Source "ChessBase"]
[SourceDate "2022.11.30"]
[SourceVersion "1"]
[SourceVersionDate "2022.11.30"]
[SourceQuality "1"]

1. d4 d5 2. c4 e6 3. Nc3 Be7 4. cxd5 exd5 5. Bf4 c6 6. e3 Bf5 7. g4 Be6 8. h3 Nd7 9. Nf3 g5 10. Bg3 Nh6 11. Bd3 f5 12. gxf5 Nxf5 13. Be5 0-0 14. Rg1 Rf7 15. Nxg5 Bxg5 16. Qh5 Nxe5 17. Rxg5+ Qxg5 18. Qxg5+ Rg7 19. Qxg7+ Nxg7 20. dxe5 Bxh3 21. 0-0-0 Rf8 22. f4 Bf5 23. e4 dxe4 24. Nxe4 Bxe4 25. Bxe4 Rxf4 26. Rd8+ Kf7 27. Bxh7 Ke6 28. Bg8+ Kxe5 29. Rd7 Nf5 30. Rxb7 a5 31. Ra7 a4 32. Ra5+ Kd6 33. b3 axb3 34. axb3 Rf2 35. Ra8 Nd4 36. Rd8+ Ke5 37. Re8+ Kd6 38. Rd8+ Ke5 39. Re8+ 1/2-1/2

[Event "Verbandsliga Suedbaden 1920"]
[Site "Baden"]
[Date "2020.01.12"]
[Round "4.1"]
[White "Leutwyler, Martin"]
[Black "Hell, Pascal"]
[Result "1/2-1/2"]
[WhiteElo "2200"]
[BlackElo "2155"]
[PlyCount "98"]
[EventDate "2019.09.29"]
[EventType "team-tourn"]
[EventRounds "9"]
[EventCountry "GER"]
[SourceTitle "EXT 2021"]
[Source "ChessBase"]
[SourceDate "2020.10.23"]
[SourceVersion "1"]
[SourceVersionDate "2020.10.23"]
[SourceQuality "1"]
[WhiteTeam "Gottmadingen"]
[BlackTeam "Dreilaendereck II"]
[WhiteTeamCountry "GER"]
[BlackTeamCountry "GER"]

1. d4 Nf6 2. c4 e6 3. g3 d5 4. Nf3 dxc4 5. Bg2 Be7 6. 0-0 0-0 7. Ne5 Nc6 8. Nxc6 bxc6 9. Na3 Bxa3 10. bxa3 Rb8 11. Qa4 Rb6 12. Qxc4 Ba6 13. Qc2 Qxd4 14. Be3 Rb2 15. Qxc6 Qc4 16. Rfc1 Qxc6 17. Rxc6 Bb7 18. Rxc7 Bxg2 19. Kxg2 Nd5 20. Bd4 Rd2 21. Rc4 Rxe2 22. Bxa7 f5 23. Kf1 Rb2 24. Bd4 Rb5 25. a4 Rb7 26. Rac1 Kf7 27. R1c2 Ra8 28. Be3 h6 29. Bd4 g5 30. Rb2 Rxb2 31. Bxb2 Ra6 32. Bd4 f4 33. Ke2 fxg3 34. fxg3 Kg6 35. Kf3 h5 36. Ke4 Nf6+ 37. Bxf6 Kxf6 38. Kd4 Ra5 39. Kc3 e5 40. Kb4 Ra8 41. a5 Kf5 42. Kb5 e4 43. a6 e3 44. Rc7 Rb8+ 45. Ka5 Re8 46. a7 e2 47. Rc1 Ke4 48. Kb6 Kd3 49. Kb7 Re7+ 1/2-1/2

[Event "Arco op 41st"]
[Site "Arco"]
[Date "2019.10.11"]
[Round "8"]
[White "Palczert, Matyas"]
[Black "Leutwyler, Martin"]
[Result "0-1"]
[WhiteElo "1999"]
[BlackElo "2163"]
[PlyCount "56"]
[EventDate "2019.10.04"]
[EventType "swiss"]
[EventRounds "9"]
[EventCountry "ITA"]
[SourceTitle "EXT 2020"]
[Source "ChessBase"]
[SourceDate "2019.10.17"]
[SourceVersion "1"]
[SourceVersionDate "2019.10.17"]
[SourceQuality "1"]

1. e4 c6 2. Nf3 d5 3. exd5 cxd5 4. Ne5 Nf6 5. d4 g6 6. c3 Bg7 7. Bd3 Nc6 8. Qe2 Qc7 9. Nxc6 bxc6 10. 0-0 0-0 11. Nd2 Re8 12. f4 Bf5 13. Bxf5 gxf5 14. Nf3 e6 15. Be3 Kh8 16. Kh1 Rg8 17. Ne5 Ne4 18. Qh5 Bxe5 19. fxe5 Rg4 20. Rf3 Rag8 21. Rh3 R8g7 22. g3 Qb8 23. b4 Qb5 24. Bh6 Nf2+ 25. Kg2 Nxh3 26. Kxh3 R7g6 27. Re1 Qd3 28. Rg1 Qf3 0-1

[Event "Arco op 41st"]
[Site "Arco"]
[Date "2019.10.06"]
[Round "3"]
[White "Leutwyler, Martin"]
[Black "Curien, Nicolas"]
[Result "1-0"]
[WhiteElo "2163"]
[BlackElo "2266"]
[PlyCount "151"]
[EventDate "2019.10.04"]
[EventType "swiss"]
[EventRounds "9"]
[EventCountry "ITA"]
[SourceTitle "EXT 2020"]
[Source "ChessBase"]
[SourceDate "2019.10.17"]
[SourceVersion "1"]
[SourceVersionDate "2019.10.17"]
[SourceQuality "1"]

1. d4 d5 2. c4 Nc6 3. Nf3 Bg4 4. Nc3 e6 5. cxd5 exd5 6. Qb3 Bxf3 7. exf3 Bb4 8. Bb5 Bxc3+ 9. bxc3 Nge7 10. Ba3 0-0 11. 0-0 Re8 12. Rfe1 a6 13. Bxe7 Rxe7 14. Bxc6 bxc6 15. Rxe7 Qxe7 16. Qb7 Re8 17. Qxa6 c5 18. g3 h5 19. Kg2 cxd4 20. cxd4 c5 21. dxc5 Qxc5 22. Qd3 h4 23. Qd2 Qc4 24. Rc1 Qb5 25. Qd4 Qe2 26. Qxh4 Qxa2 27. Qd4 Qb3 28. Rc5 Rd8 29. Rc7 Qb5 30. Rc5 Qb7 31. h4 Qd7 32. Ra5 Qe6 33. Rb5 Qd6 34. Rb6 Qc7 35. h5 Rd6 36. Rb5 Qd8 37. g4 Rd7 38. Qb2 Qe7 39. Qd4 Qd8 40. Qb2 Qe7 41. Rb4 Rd8 42. Qd4 Rd7 43. Rb3 Qd8 44. Qe5 Rd6 45. Qd4 Rd7 46. Re3 Rd6 47. Re5 f6 48. Re1 Rd7 49. Rb1 Qc7 50. Rd1 Qe5 51. f4 Qe2 52. Kg3 f5 53. f3 fxg4 54. fxg4 Qe6 55. Rd3 Qe1+ 56. Qf2 Qc1 57. Qe3 Qxe3+ 58. Rxe3 Kf7 59. Kf3 Ra7 60. Rb3 Kf6 61. Ke3 Ra1 62. Rb6+ Kf7 63. h6 gxh6 64. Rxh6 Ke7 65. g5 Ra4 66. f5 Rg4 67. Re6+ Kd7 68. g6 d4+ 69. Kd3 Rg5 70. Rf6 Rg4 71. Rf7+ Ke8 72. Kc4 Rf4 73. f6 Rg4 74. Re7+ Kf8 75. g7+ Kg8 76. Re8+ 1-0

[Event "Verbandsliga Suedbaden 1920"]
[Site "Baden"]
[Date "2019.09.29"]
[Round "1.3"]
[White "Milosevic, Goran"]
[Black "Leutwyler, Martin"]
[Result "1/2-1/2"]
[WhiteElo "2291"]
[BlackElo "2200"]
[PlyCount "51"]
[EventDate "2019.09.29"]
[EventType "team-tourn"]
[EventRounds "9"]
[EventCountry "GER"]
[SourceTitle "EXT 2021"]
[Source "ChessBase"]
[SourceDate "2020.10.23"]
[SourceVersion "1"]
[SourceVersionDate "2020.10.23"]
[SourceQuality "1"]
[WhiteTeam "Dreisamtal"]
[BlackTeam "Gottmadingen"]
[WhiteTeamCountry "GER"]
[BlackTeamCountry "GER"]

1. e4 c6 2. d4 d5 3. Nc3 dxe4 4. Nxe4 Bf5 5. Ng3 Bg6 6. h4 h6 7. Nf3 Nd7 8. h5 Bh7 9. Bd3 Bxd3 10. Qxd3 e6 11. Bd2 Ngf6 12. 0-0-0 Be7 13. Ne4 Nxe4 14. Qxe4 Nf6 15. Qe2 Qd5 16. c4 Qe4 17. Be3 Ng4 18. Qc2 Qxc2+ 19. Kxc2 b5 20. Ne5 Nxe3+ 21. fxe3 Rc8 22. c5 0-0 23. a4 a6 24. axb5 axb5 25. Ra1 Bf6 26. Nd7 1/2-1/2

[Event "Verbandsliga Suedbaden 1819"]
[Site "Baden"]
[Date "2019.03.31"]
[Round "8.5"]
[White "Feiler, Juergen"]
[Black "Leutwyler, Martin"]
[Result "0-1"]
[WhiteElo "2064"]
[BlackElo "2200"]
[PlyCount "96"]
[EventDate "2018.10.14"]
[EventType "team-tourn"]
[EventRounds "9"]
[EventCountry "GER"]
[SourceTitle "EXT 2020"]
[Source "ChessBase"]
[SourceDate "2019.10.17"]
[SourceVersion "1"]
[SourceVersionDate "2019.10.17"]
[SourceQuality "1"]
[WhiteTeam "Baden-Baden IV"]
[BlackTeam "Gottmadingen"]
[WhiteTeamCountry "GER"]
[BlackTeamCountry "GER"]

1. d4 d5 2. c4 c6 3. Nf3 Nf6 4. e3 Bg4 5. Qb3 Qb6 6. Nh4 e6 7. h3 Bh5 8. g4 Bg6 9. Nxg6 hxg6 10. Bg2 Be7 11. Nc3 g5 12. Bd2 Nbd7 13. Rc1 Nf8 14. e4 Nxe4 15. Bxe4 dxe4 16. d5 Qxb3 17. axb3 f5 18. dxe6 g6 19. gxf5 gxf5 20. Ne2 Nxe6 21. Ng3 Rf8 22. 0-0 0-0-0 23. Bc3 Nf4 24. Kh2 Bf6 25. Ra1 Bxc3 26. bxc3 a6 27. Ra5 Rd3 28. Rxf5 Rxf5 29. Nxf5 Rxh3+ 30. Kg1 Kc7 31. Ne3 Rf3 32. b4 Nh3+ 33. Kg2 Nxf2 34. Rxf2 Rxe3 35. Rf7+ Kd6 36. c5+ Kd5 37. Rxb7 Rxc3 38. Rg7 Kc4 39. Rg6 Kb5 40. Kf2 Rb3 41. Rxg5 Rxb4 42. Ke3 a5 43. Kd2 a4 44. Kc2 a3 45. Rg3 a2 46. Ra3 Ra4 47. Rxa4 Kxa4 48. Kb2 e3 0-1

[Event "Verbandsliga Suedbaden 1819"]
[Site "Baden"]
[Date "2018.11.04"]
[Round "2.3"]
[White "Leutwyler, Martin"]
[Black "Kiefer, Gerhard"]
[Result "0-1"]
[WhiteElo "2200"]
[BlackElo "2296"]
[PlyCount "79"]
[EventDate "2018.10.14"]
[EventType "team-tourn"]
[EventRounds "9"]
[EventCountry "GER"]
[SourceTitle "EXT 2020"]
[Source "ChessBase"]
[SourceDate "2019.10.17"]
[SourceVersion "1"]
[SourceVersionDate "2019.10.17"]
[SourceQuality "1"]
[WhiteTeam "Gottmadingen"]
[BlackTeam "Emmendingen II"]
[WhiteTeamCountry "GER"]
[BlackTeamCountry "GER"]

1. d4 Nf6 2. c4 g6 3. Nc3 Bg7 4. e4 d6 5. h3 0-0 6. Nf3 Na6 7. Be3 c5 8. Be2 cxd4 9. Nxd4 Nc5 10. Qc2 Bd7 11. 0-0 a6 12. Rfd1 Rc8 13. Rac1 Qa5 14. a3 Ne6 15. b4 Nxd4 16. Bxd4 Qg5 17. Be3 Qh4 18. Bf1 Bc6 19. f3 Nh5 20. Qd2 Be5 21. Ne2 Ng3 22. Qe1 Ba4 23. Rd2 Nxe2+ 24. Qxe2 Qg3 25. Qd3 Bd7 26. Bd4 Qh2+ 27. Kf2 Bg3+ 28. Ke2 Bxh3 29. Kd1 Be6 30. Be3 Qh4 31. Rdc2 Bf4 32. Qd2 Bxe3 33. Qxe3 Bd7 34. Rc3 Ba4+ 35. Kd2 b5 36. f4 e6 37. g3 Qh2+ 38. Be2 bxc4 39. Qf3 Qh6 40. g4 0-1

[Event "Helsingor Xtracon op"]
[Site "Helsingor"]
[Date "2018.07.22"]
[Round "3"]
[White "Leutwyler, Martin"]
[Black "Larsen, Arne Walther"]
[Result "1-0"]
[WhiteElo "2185"]
[BlackElo "1750"]
[PlyCount "53"]
[EventDate "2018.07.21"]
[EventType "swiss"]
[EventRounds "10"]
[EventCountry "DEN"]
[SourceTitle "CBM 185 Extra"]
[Source "ChessBase"]
[SourceDate "2018.07.29"]
[SourceVersion "1"]
[SourceVersionDate "2018.07.29"]
[SourceQuality "1"]

1. d4 Nf6 2. c4 c5 3. d5 b5 4. Qc2 g6 5. e4 d6 6. cxb5 a6 7. Nc3 Bg7 8. Nf3 0-0 9. a4 e6 10. dxe6 Bxe6 11. Be2 axb5 12. Bxb5 Na6 13. 0-0 Nb4 14. Qe2 Qb6 15. Bf4 Ng4 16. Rfd1 Ne5 17. Nxe5 dxe5 18. Be3 f5 19. Bc4 Rac8 20. f3 Kh8 21. a5 Bxc4 22. Qxc4 Qa6 23. Qxa6 Nxa6 24. Na4 c4 25. Rac1 f4 26. Bf2 Rfd8 27. Nb6 1-0

[Event "Stuttgart-chA int"]
[Site "Ditzingen"]
[Date "2018.05.10"]
[Round "2"]
[White "Leutwyler, Martin"]
[Black "Scholtes, Benedikt"]
[Result "1/2-1/2"]
[WhiteElo "2193"]
[BlackElo "2028"]
[PlyCount "62"]
[EventDate "2018.05.10"]
[EventType "swiss"]
[EventRounds "7"]
[EventCountry "GER"]
[SourceTitle "EXT 2020"]
[Source "ChessBase"]
[SourceDate "2019.10.17"]
[SourceVersion "1"]
[SourceVersionDate "2019.10.17"]
[SourceQuality "1"]

1. d4 f5 2. g3 Nf6 3. Bg2 g6 4. Nf3 Bg7 5. 0-0 0-0 6. b3 d6 7. Bb2 Na6 8. c4 Qe8 9. Nbd2 c5 10. d5 b5 11. Re1 Rb8 12. Bc3 Nc7 13. e4 Nxe4 14. Bxg7 Kxg7 15. Nxe4 fxe4 16. Ng5 bxc4 17. bxc4 Rb4 18. Qc2 h6 19. Nxe4 Qf7 20. Re3 Bf5 21. Rae1 e5 22. dxe6 Qxe6 23. Qc3+ Kg8 24. Qd2 Rxc4 25. Ng5 Qf6 26. Bd5+ Nxd5 27. Qxd5+ Kh8 28. Qxc4 hxg5 29. Re8 Kg7 30. R1e7+ Rf7 31. Qe2 Bh3 1/2-1/2

[Event "SUI-chT"]
[Site "Switzerland"]
[Date "2018.03.25"]
[Round "1.3"]
[White "Leutwyler, Martin"]
[Black "Gallagher, Joseph G"]
[Result "0-1"]
[WhiteElo "2190"]
[BlackElo "2433"]
[PlyCount "80"]
[EventDate "2018.03.25"]
[EventType "team-tourn"]
[EventRounds "9"]
[EventCountry "SUI"]
[SourceTitle "CBM 183 Extra"]
[Source "ChessBase"]
[SourceDate "2018.04.19"]
[SourceVersion "1"]
[SourceVersionDate "2018.04.19"]
[SourceQuality "1"]
[WhiteTeam "St Gallen"]
[BlackTeam "Reti"]
[WhiteTeamCountry "SUI"]
[BlackTeamCountry "SUI"]

1. d4 Nf6 2. c4 g6 3. Nc3 Bg7 4. e4 d6 5. Nf3 0-0 6. h3 e5 7. d5 Nh5 8. g3 a5 9. Be3 f5 10. exf5 gxf5 11. Qd2 Na6 12. 0-0-0 a4 13. Nxa4 f4 14. gxf4 Nxf4 15. h4 Nc5 16. Nxc5 dxc5 17. a3 Bg4 18. Ng5 Bxd1 19. Qxd1 Qf6 20. Ne4 Qf5 21. Nxc5 b6 22. Ne6 Nxe6 23. Bh3 Qf6 24. Bxe6+ Kh8 25. Qd2 e4 26. Rg1 Rxa3 27. Rxg7 Rxe3 28. Rxh7+ Kxh7 29. Qxe3 Qxh4 30. Qg3 Qxg3 31. fxg3 Rf2 32. b4 Kg7 33. c5 Kf6 34. g4 Ke5 35. cxb6 cxb6 36. Kd1 Rb2 37. Bf7 e3 38. g5 Kf4 39. Bg6 e2+ 40. Kc1 Ra2 0-1

[Event "AUT-chT2W 1718"]
[Site "Austria"]
[Date "2018.01.14"]
[Round "8.3"]
[White "Leutwyler, Martin"]
[Black "Everett, Elijah David"]
[Result "1-0"]
[WhiteElo "2200"]
[BlackElo "2190"]
[PlyCount "59"]
[EventDate "2017.10.13"]
[EventType "team-tourn"]
[EventRounds "11"]
[EventCountry "AUT"]
[SourceTitle "EXT 2019"]
[Source "ChessBase"]
[SourceDate "2018.10.10"]
[SourceVersion "1"]
[SourceVersionDate "2018.10.10"]
[SourceQuality "1"]
[WhiteTeam "Dornbirn"]
[BlackTeam "Pradl"]
[WhiteTeamCountry "AUT"]
[BlackTeamCountry "AUT"]

1. d4 Nf6 2. c4 g6 3. Nc3 Bg7 4. e4 d6 5. Nf3 0-0 6. h3 e5 7. d5 Nh5 8. g3 f5 9. exf5 gxf5 10. Nh4 Nf6 11. Bd3 e4 12. Be2 Nfd7 13. Ng2 Na6 14. Nf4 Nac5 15. Be3 Ne5 16. Qc2 a5 17. 0-0-0 b6 18. Kb1 Qe7 19. Rdg1 Ncd3 20. Bd4 Nxf4 21. gxf4 Ng6 22. Bxg7 Kxg7 23. h4 Kh8 24. Qd2 Rf6 25. h5 Nf8 26. Qd4 Nd7 27. h6 Rb8 28. Rg7 Qf8 29. Rhg1 Rb7 30. Bh5 1-0

[Event "AUT-chT2W 1718"]
[Site "Austria"]
[Date "2018.01.12"]
[Round "6.3"]
[White "Ager, Josef"]
[Black "Leutwyler, Martin"]
[Result "1/2-1/2"]
[WhiteElo "2109"]
[BlackElo "2200"]
[PlyCount "118"]
[EventDate "2017.10.13"]
[EventType "team-tourn"]
[EventRounds "11"]
[EventCountry "AUT"]
[SourceTitle "EXT 2019"]
[Source "ChessBase"]
[SourceDate "2018.10.10"]
[SourceVersion "1"]
[SourceVersionDate "2018.10.10"]
[SourceQuality "1"]
[WhiteTeam "Ranshofen"]
[BlackTeam "Dornbirn"]
[WhiteTeamCountry "AUT"]
[BlackTeamCountry "AUT"]

1. Nf3 d5 2. g3 c6 3. Bg2 Bg4 4. c4 e6 5. 0-0 Nf6 6. d4 Nbd7 7. Qc2 Be7 8. Bf4 0-0 9. Nbd2 Bf5 10. Qb3 Qb6 11. Rfc1 Ne4 12. c5 Nxd2 13. Nxd2 Qxb3 14. Nxb3 g5 15. Bd2 e5 16. dxe5 Nxe5 17. Bc3 Nd7 18. Nd4 Bg6 19. b4 a6 20. Re1 Nf6 21. f3 Rfd8 22. Bh3 Nd7 23. f4 gxf4 24. gxf4 Bf6 25. Bg4 Be4 26. h3 Nf8 27. Kh2 Ng6 28. Rf1 Re8 29. Rac1 Bg7 30. Nb3 Nh4 31. Bxg7 Kxg7 32. Nd4 Kf6 33. Rc3 Rg8 34. Rg3 Bf5 35. Rfg1 Rae8 36. a4 Re4 37. e3 Rge8 38. b5 axb5 39. axb5 cxb5 40. Nxb5 Rxe3 41. Nd6 R8e7 42. Rxe3 Rxe3 43. Rg3 d4 44. Rxe3 dxe3 45. Be2 Bd7 46. Nxb7 Nf5 47. Bd3 Nd4 48. Kg3 h5 49. h4 Bc6 50. Na5 Bd5 51. Nc4 e2 52. Kf2 e1Q+ 53. Kxe1 Nf3+ 54. Kf2 Nxh4 55. Ne3 Bc6 56. Be2 Nf5 57. Bxh5 Nd4 58. Nc4 Ne6 59. Ne5 Nxf4 1/2-1/2

[Event "Basel op"]
[Site "Basel"]
[Date "2018.01.02"]
[Round "1"]
[White "Leutwyler, Martin"]
[Black "Zennaf, Karim"]
[Result "1/2-1/2"]
[WhiteElo "2188"]
[BlackElo "2013"]
[PlyCount "80"]
[EventDate "2018.01.02"]
[EventType "swiss"]
[EventRounds "9"]
[EventCountry "SUI"]
[SourceTitle "CBM 182 Extra"]
[Source "ChessBase"]
[SourceDate "2018.02.23"]
[SourceVersion "1"]
[SourceVersionDate "2018.02.23"]
[SourceQuality "1"]

1. d4 d5 2. Nf3 Nf6 3. c4 c6 4. e3 e6 5. b3 Ne4 6. Bd3 Bb4+ 7. Nbd2 f5 8. 0-0 0-0 9. a3 Bd6 10. Bb2 Rf6 11. Ne5 Rh6 12. f4 Bd7 13. b4 a6 14. Ndf3 Be8 15. Qb3 Bxe5 16. dxe5 Bh5 17. Bxe4 dxe4 18. Nd4 Bg4 19. Rf2 Kh8 20. c5 Qe7 21. a4 Nd7 22. Ba3 Rg8 23. b5 axb5 24. axb5 Nb8 25. Bb4 g5 26. Ra7 Qd7 27. Rd2 gxf4 28. Nxf5 Qxd2 29. Bxd2 Bxf5 30. exf4 Rhg6 31. g3 R6g7 32. Be3 Rd7 33. Kf2 Rgd8 34. bxc6 Nxc6 35. Rxb7 Rd3 36. Qb6 Rxe3 37. Kxe3 Rd3+ 38. Kf2 Bg4 39. Qxc6 Rd2+ 40. Ke3 Rd3+ 1/2-1/2